=LDR 00000nam 2200000 4500 =001 INLIS000000000014144 =005 20130612105432 =008 ***********************************Ind** =035 ##$$0010-061300000014144 =041 ##$$a Ind =082 ##$$a 428 =090 ##$$a 428, Dar e =100 ##$$a Darmawan, Iyan =245 ##$$a English for nurses, Iyan Darmawan =260 ##$$a 2004 $b Jakarta =300 ##$$a ix, 88 hlm, Ilus, 18 cm =650 ##$$a Percakapan =850 ##$$a NBPNMAT